Statistics for Embraer Planes

Click here to take the quiz!

General Stats

  • This quiz has been taken 70 times
  • The average score is 6 of 7

Answer Stats

HintAnswer% Correct
smallestE-140
100%
smallestE-145
100%
mediumE-170
100%
largestE-175
100%
largestE190
75%
largestE195
70%
smallestE135
55%

Score Distribution

Percentile by Number Answered

Percent of People with Each Score

Your Score History

You have not taken this quiz